00255nam a2200097Ia 4500008004100000041000800041100001900049245003900068260003100107999001900138230508s2013 xx 000 0 und d aeng aDR. SEDHA R.S. aA TEXT BOOK OF APPLIED ELECTRONICS bS . CHAND COMPANY NEc2013 c729067d729067